5 Deadliest Battles of WW1 - Statistics

General Stats
  • This quiz has been taken 115 times
  • The average score is 2 of 5
Answer Stats
Hint Answer % Correct
1,219,201 Casualties Somme
96%
976,000 Casualties Verdun
90%
848,614 Casualties Passchendaele
12%
1,539,715 Casualties Spring Offensive
7%
1,855,369 Casualties Hundred Days Offensive
4%
No matching quizzes found
Score Distribution
Percent of People with Each Score
Percentile by Number Answered
Your Score History
You have not taken this quiz